| 000 | 00651nam a2200169 i 4500 | ||
|---|---|---|---|
| 001 | 165130 | ||
| 003 | ES-MaACL | ||
| 005 | 20230906213055.0 | ||
| 008 | 990701s1889 sp d |||| | spa d | ||
| 245 | 0 | 3 | _aLa segunda colonia escolar de Madrid (1888). |
| 260 |
_aMadrid : _b[s.n.], _c1889 ( _fFortanet) |
||
| 300 |
_a56, [5] p., [2] h. pleg. ; _c23 cm. |
||
| 594 | _aPrecede al tít.: Museo Pedagógico de Instrucción Primaria. | ||
| 650 | 4 |
_aColonias escolares- _zMadrid. _9150840 |
|
| 710 | 2 |
_aMuseo de Instrucción Primaria (España) _9172176 |
|
| 852 |
_aES-MaACL _jT-1139-F-8 _z- Enc. hol., conservando cub. original _z- Enc. en un vol. facticio |
||
| 999 |
_c165130 _d165130 |
||